Československé pohostinství

Uložené v:
Podrobná bibliografia
Médium: Seriál
Jazyk:Czech
Vydavateľské údaje: Praha Vnitřní obchod 1977
Tagy: Pridať tag
Žiadne tagy, Buďte prvý, kto otaguje tento záznam!

MARC

LEADER 00000nas2a2200000 4500
001 0010138
005 20250730114249.4
041 0 |a cze 
044 |a CZ 
245 1 0 |a Československé pohostinství 
264 1 |a Praha  |b Vnitřní obchod  |c 1977 
300 |a 1 zv. 
773 0 |w eu_un_cat*s120613